000 00451nam a22001577a 4500
999 _c177315
_d177315
005 20210226132504.0
020 _a9788186261927
_c395.00
037 _bS.K. Publishers
082 _aS
100 _aKipling, Rudyard
245 _aThe jungle book /
_cby Rudyard Kipling
260 _aNew Delhi
_bS.K. Publishers
_c2020
270 _aA-47, Amar Colony, Lajpat Nagar
_bNew Delhi
_e110024
300 _a159p.:
_c22cm(Hb)
_bill.
942 _2ddc
_cCH
_mKIP
_hS